| 000 | 01256nam a22002897a 4500 | ||
|---|---|---|---|
| 999 |
_c118756 _d118756 |
||
| 003 | dpl | ||
| 005 | 20190729144559.0 | ||
| 008 | 190410b ||||| |||| 00| 0 eng d | ||
| 010 | _aB-200470 | ||
| 020 |
_c200.00 _a8190153277 |
||
| 035 | _aB-200470, B-200484, B-200488 | ||
| 037 | _bCen Lib/Ret | ||
| 040 |
_aDPL _bHN _c0 |
||
| 082 |
_aक _bआशापू |
||
| 100 |
_aआशापूर्णा देवी _981769 |
||
| 245 |
_aराजकन्या / _cआशापूर्णा देवी;अनुवादक मृदुला शर्मा |
||
| 246 |
_aRajkanya / _bby Ashapurna Devi;anuvadak Mridula Sharma |
||
| 260 |
_aदिल्ली _bराष्ट्रभाषा संस्थान _c2004 |
||
| 270 |
_a30/35,36, लेन नं-9, विश्वास नगर शाहदरा _bदिल्ली _e110032 |
||
| 300 |
_a192पृ. _c21सेमी(सजिल्द ) |
||
| 650 |
_aसाहित्य--कहानियां _x _z _981770 |
||
| 650 |
_aहिंदी कहानियां _92082 |
||
| 650 |
_aLiterature--Stories _981771 |
||
| 650 |
_aHindi Stories _981772 |
||
| 700 |
_aशर्मा, मृदुला _981773 |
||
| 942 |
_2ddc _cHN _hक _mआशापू |
||